| 000 | 01015cam5a220028900 4500 | ||
|---|---|---|---|
| 001 | qce01136226 | ||
| 005 | 20190813172407.0 | ||
| 008 | 760218s1961 mdua b 000 0 eng | ||
| 010 | _a 61016525 | ||
| 035 | _a(Sirsi) r66915 | ||
| 035 | _a(QCAT)lss01176846 | ||
| 035 | _a(UPRA)qce01136226 | ||
| 040 | _dUPRA | ||
| 050 |
_aRB40 _b.V25 |
||
| 082 | _a616.07561 | ||
| 100 | 1 |
_aVan Slyke, Donald Dexter, 1883- _dVan Slyke, Donald Dexter, 1883- _6A27492.1 |
|
| 245 | 1 | 0 |
_aMicromanometric analyses / _cDonald D. Van Slyke and John Plazin. |
| 260 |
_aBaltimore : _bWilliams & Wilkins, _c1961. |
||
| 504 | _aIncludes bibliographical references. | ||
| 650 | 2 |
_aBlood Chemical Analysis. _6S19902.1 |
|
| 650 | 2 |
_aManometry. _6S19903.1 |
|
| 650 | 0 |
_aClinical chemistry -- Laboratory manuals. _xClinical chemistry -- Laboratory manuals. _6S7121.1 |
|
| 700 | 1 |
_aPlazin, John. _6A27493.1 |
|
| 949 |
_aRB40 _wLC _i-89550 _mMEDICAL _tBOOK _lON-SHELF |
||
| 949 |
_aRB40 _wLC _i-89551 _mMEDICAL _tBOOK _lON-SHELF |
||
| 004 | 66915 | ||
| 999 |
_c42437 _d42437 |
||